000 00606nam a2200205Ia 4500
003 OSt
005 20250915160139.0
008 220926b |||||||| |||| 00| 0 eng d
037 _cReference
040 _aRTL
_cRTL
_beng
041 _2eng
_aeng
084 _aRxK32:g F9/SC
_qRTL
100 _aRoth, Leon
_9371022
245 0 _aSpinoza
260 _aLondon
_bGeorge Allen and Unwind Ltd.
_c1939
300 _axvi, 250 p.
_bIncludes bibliographical reference and index
650 _aPhilosophy
_9821464
942 _hRxK32:g F9/SC
_cREF
_2CC
_n0
999 _c691268
_d691268